The Plankton of South Viet Nam : Fresh water and marine Plankton

Sparad:
Bibliografiska uppgifter
Huvudupphovsman: Akihiko, Shirota
Materialtyp: Bok
Språk:Undetermined
Publicerad: Japan Overseas Technical Cooperation Agency 1966
Ämnen:
Taggar: Lägg till en tagg
Inga taggar, Lägg till första taggen!
Thư viện lưu trữ: Trung tâm Học liệu Trường Đại học Cần Thơ
LEADER 00594nam a2200193Ia 4500
001 CTU_143885
008 210402s9999 xx 000 0 und d
082 |a 577.76 
082 |b A315 
100 |a Akihiko, Shirota 
245 4 |a The Plankton of South Viet Nam : 
245 0 |b Fresh water and marine Plankton 
245 0 |c Akihiko Shirota ; Colombo Plan Expert on Planktology 
260 |a Japan 
260 |b Overseas Technical Cooperation Agency 
260 |c 1966 
650 |a Marine plankton,Marine ecology 
904 |i Giang 
980 |a Trung tâm Học liệu Trường Đại học Cần Thơ